[Event "Lichtenrader Herbst"]
[Site "?"]
[Date "2008.10.25"]
[Round "8.13"]
[White "Schaburov, Wladimir"]
[Black "Sawlin, Michail"]
[Result "1/2-1/2"]
[WhiteElo "1995"]
[BlackElo "2227"]
[PlyCount "109"]
[EventDate "2008.??.??"]

1. d4 c5 2. d5 e5 3. e4 d6 4. Bb5+ Bd7 5. a4 Bxb5 6. axb5 a5 7. Be3 Nd7 8. Qd3
g6 9. f3 Bg7 10. Ne2 Ne7 11. Na3 Nb6 12. Nc3 f5 13. Bg5 h6 14. Bxe7 Qxe7 15.
O-O O-O 16. Nc4 Nxc4 17. Qxc4 b6 18. Na4 Rab8 19. Rae1 Qh4 20. b3 h5 21. Qd3
Bh6 22. Re2 fxe4 23. Qxe4 Qg5 24. h4 Qf5 25. g3 Rf6 26. Kg2 Qd7 27. c4 Kf7 28.
Qc2 Qf5 29. Qe4 Qd7 30. Rfe1 Qd8 31. Nc3 Rb7 32. Qc2 Kg7 33. Ne4 Rf8 34. Rf1
Rbf7 35. Ref2 Qd7 36. Qd3 Qe7 37. Re2 Qd7 38. Qc2 Qe7 39. Rff2 Qd7 40. Qb2 Kh7
41. Qb1 Kg7 42. Qh1 Kg8 43. Qd1 Kg7 44. Qd3 Qd8 45. Re1 Qd7 46. Rh1 Rg8 47. Rd1
Rgf8 48. Qf1 Be3 49. Rd3 Bxf2 50. Qxf2 Rf5 51. Qd2 Qe7 52. Re3 Ra8 53. Qc2 Raf8
54. Qd1 Qd8 55. Qc2 1/2-1/2

[Event "Lichtenrader Herbst"]
[Site "?"]
[Date "2008.10.25"]
[Round "8.14"]
[White "Jaeschke, Jens-Uwe"]
[Black "Dünzel, Jonas"]
[Result "1-0"]
[WhiteElo "2185"]
[BlackElo "2007"]
[PlyCount "49"]
[EventDate "2008.??.??"]

1. d4 Nf6 2. c4 e6 3. Nc3 Bb4 4. g3 O-O 5. Bg2 d5 6. Nf3 c5 7. dxc5 Qa5 8. O-O
dxc4 9. Qc2 Bxc3 10. bxc3 Qxc5 11. Rb1 Nc6 12. Be3 Qe7 13. Nd2 Nd5 14. Nxc4
Nxe3 15. Nxe3 Nd8 16. Rfd1 Rb8 17. Qa4 b6 18. Rd2 a6 19. Rbd1 b5 20. Qa5 Bb7
21. Rd7 Qf6 22. Ng4 Qg5 23. h4 Qxg4 24. Rxd8 Qxe2 25. Bxb7 1-0

[Event "Lichtenrader Herbst"]
[Site "?"]
[Date "2008.10.25"]
[Round "8.15"]
[White "Völz, Stephan"]
[Black "Poppner, Dietmar"]
[Result "1/2-1/2"]
[WhiteElo "2010"]
[BlackElo "2111"]
[PlyCount "135"]
[EventDate "2008.??.??"]

1. d4 Nf6 2. c4 c5 3. d5 e5 4. Nc3 d6 5. e4 Be7 6. Bd3 a6 7. Nge2 g6 8. f3 h5
9. Be3 h4 10. Qd2 Nbd7 11. a4 Nh7 12. O-O-O Bg5 13. g3 Bxe3 14. Qxe3 Qf6 15.
Rdf1 g5 16. gxh4 gxh4 17. Rhg1 Nhf8 18. f4 Qh6 19. Kc2 Ng6 20. Nd1 exf4 21.
Nxf4 Nxf4 22. Qxf4 Qxf4 23. Rxf4 Ne5 24. Ne3 b6 25. Be2 Ra7 26. b3 Ng6 27. Rf2
Re7 28. Kd3 Rg8 29. Rgf1 Ne5+ 30. Kd2 Bh3 31. Re1 Rg5 32. Nf5 Bxf5 33. exf5 f6
34. Rf4 Rg2 35. h3 Rh7 36. Kd1 Rg3 37. Bf1 Rxb3 38. Ree4 Rb1+ 39. Kc2 Ra1 40.
Kb2 Rxa4 41. Rxh4 Rxh4 42. Rxh4 Rb4+ 43. Kc3 a5 44. Rh8+ Ke7 45. h4 a4 46. h5
Rb3+ 47. Kd2 Rb2+ 48. Kc3 Rh2 49. Ra8 Rxh5 50. Rxa4 Rxf5 51. Ra7+ Kd8 52. Be2
Rg5 53. Rh7 Rg3+ 54. Kd2 f5 55. Rh6 Kc7 56. Rh8 Nf3+ 57. Bxf3 Rxf3 58. Rh1 Rf4
59. Kd3 Rg4 60. Kc3 Re4 61. Rh7+ Kd8 62. Kd3 Re5 63. Rh8+ Ke7 64. Rh7+ Ke8 65.
Rh8+ Ke7 66. Rh7+ Kf6 67. Rh6+ Kf7 68. Rh7+ 1/2-1/2

[Event "Lichtenrader Herbst"]
[Site "?"]
[Date "2008.10.25"]
[Round "8.16"]
[White "Roitzsch, Philippe"]
[Black "Hahlbohm, Matthias"]
[Result "0-1"]
[WhiteElo "1964"]
[BlackElo "2107"]
[PlyCount "80"]
[EventDate "2008.??.??"]

1. e4 c5 2. c3 e6 3. d4 cxd4 4. cxd4 d5 5. e5 Nc6 6. Nf3 Qb6 7. a3 Bd7 8. Nc3
Nge7 9. Na4 Qc7 10. Bd3 Nf5 11. Bxf5 exf5 12. Nc3 Be6 13. O-O Be7 14. Bg5 a6
15. Ne2 h6 16. Bxe7 Qxe7 17. Ne1 g5 18. f4 O-O-O 19. b4 Kb8 20. Qd3 Ka7 21. b5
Na5 22. bxa6 bxa6 23. Ng3 gxf4 24. Rxf4 Rb8 25. Qc3 Nb3 26. Rb1 Rhc8 27. Qe3
Qxa3 28. Rf3 f4 29. Rxf4 Qa2 30. Rd1 Na5 31. Rf2 Qa4 32. Rd3 Rb1 33. Nf1 Rcc1
34. Nf3 Nc4 35. Qe2 Bg4 36. Rd2 Nxd2 37. Qxd2 Qc4 38. Ne1 Rxe1 39. Rxf7+ Kb8
40. Rf8+ Bc8 0-1

[Event "Lichtenrader Herbst"]
[Site "?"]
[Date "2008.10.25"]
[Round "8.17"]
[White "Rivera Boris, Miguel"]
[Black "Grochowalski, Pawel"]
[Result "1-0"]
[WhiteElo "1948"]
[BlackElo "2096"]
[PlyCount "77"]
[EventDate "2008.??.??"]

1. e4 c5 2. Nf3 d6 3. d4 cxd4 4. Nxd4 Nf6 5. Nc3 Nc6 6. Bc4 Qb6 7. Ndb5 Bg4 8.
f3 Bd7 9. Qe2 a6 10. Be3 Qa5 11. Nd4 b5 12. Nb3 Qd8 13. Bd5 e6 14. Bxc6 Bxc6
15. Nd4 Bd7 16. Qd2 b4 17. Nd1 e5 18. Ne2 a5 19. c3 Rb8 20. cxb4 axb4 21. Nf2
Qc7 22. O-O Be7 23. a3 Be6 24. axb4 d5 25. Ra7 Qc4 26. Nd3 d4 27. Bg5 Bd6 28.
Rc1 Qb5 29. Nc5 O-O 30. Bxf6 gxf6 31. Ng3 Bxc5 32. bxc5 Kg7 33. Nh5+ Kg6 34.
Nxf6 Qxb2 35. Rc2 Qb1+ 36. Kf2 Qh1 37. Kg3 h5 38. h4 Rb1 39. Qg5# 1-0

[Event "Lichtenrader Herbst"]
[Site "?"]
[Date "2008.10.25"]
[Round "8.18"]
[White "Zahn, Benno"]
[Black "Hohn, August"]
[Result "1-0"]
[WhiteElo "1820"]
[BlackElo "2090"]
[PlyCount "60"]
[EventDate "2008.??.??"]

1. d4 Nf6 2. c4 e6 3. Nc3 c5 4. d5 exd5 5. cxd5 d6 6. e4 g6 7. f3 Bg7 8. Be3 a6
9. a4 Nbd7 10. Nh3 O-O 11. Nf2 Re8 12. Be2 b6 13. Qd2 Qc7 14. g4 h5 15. Rg1
hxg4 16. Nxg4 Nxg4 17. Rxg4 Ne5 18. Rg3 c4 19. f4 Nd3+ 20. Bxd3 cxd3 21. f5
Bxc3 22. bxc3 Rxe4 23. fxg6 Bf5 24. gxf7+ Kxf7 25. Rf3 Kg6 26. O-O-O Rc8 27.
Rg1+ Rg4 28. Rxg4+ Bxg4 29. Qxd3+ Kh5 30. Rf5+ Kg6 1-0

[Event "Lichtenrader Herbst"]
[Site "?"]
[Date "2008.10.25"]
[Round "8.19"]
[White "Schlüter, Bernd"]
[Black "Demmler, Julia"]
[Result "1-0"]
[WhiteElo "2076"]
[BlackElo "1853"]
[PlyCount "81"]
[EventDate "2008.??.??"]

1. d4 d5 2. Nf3 Nf6 3. c4 e6 4. Nc3 Be7 5. g3 O-O 6. Bg2 Nbd7 7. O-O dxc4 8. e4
c6 9. a4 b6 10. Qc2 Bb7 11. Rd1 a6 12. Bg5 b5 13. e5 Nd5 14. Ne4 h6 15. Bxe7
Qxe7 16. Nd6 N7b6 17. a5 Nc8 18. Ne4 Qc7 19. Qe2 Qe7 20. Nfd2 Nb4 21. Nf1 Nd3
22. Ne3 c5 23. Qh5 cxd4 24. Ng4 f6 25. exf6 gxf6 26. Qg6+ Qg7 27. Nexf6+ Kh8
28. Qxg7+ Kxg7 29. Bxb7 Ra7 30. Bxc8 Rxc8 31. Ne4 h5 32. Rxd3 cxd3 33. Ne5 Rac7
34. Nxd3 Kg6 35. b4 Rd8 36. Nec5 Rd6 37. Re1 Kf7 38. Re5 Rc8 39. Rxh5 Ke7 40.
Re5 Kf7 41. Kg2 1-0

[Event "Lichtenrader Herbst"]
[Site "?"]
[Date "2008.10.25"]
[Round "8.20"]
[White "Rührmund, Daniel"]
[Black "Witte, Ronald"]
[Result "1/2-1/2"]
[WhiteElo "1841"]
[BlackElo "2057"]
[PlyCount "57"]
[EventDate "2008.??.??"]

1. e4 c5 2. Nf3 d6 3. d4 cxd4 4. Nxd4 Nf6 5. Nc3 a6 6. Be3 e5 7. Nb3 Be6 8. f3
Nbd7 9. g4 b5 10. g5 b4 11. Nd5 Nxd5 12. exd5 Bf5 13. Bd3 Bxd3 14. Qxd3 Be7 15.
h4 O-O 16. O-O-O a5 17. Kb1 a4 18. Nd2 Qc7 19. h5 Nc5 20. Bxc5 Qxc5 21. Ne4 Qc7
22. h6 g6 23. f4 f5 24. gxf6 Bxf6 25. Nxf6+ Rxf6 26. fxe5 dxe5 27. Rh4 Qd6 28.
Rc4 Rd8 29. Kc1 1/2-1/2

[Event "Lichtenrader Herbst"]
[Site "?"]
[Date "2008.10.26"]
[Round "9.1"]
[White "Graf, Alexander"]
[Black "Kaphle, Stephan"]
[Result "1-0"]
[WhiteElo "2636"]
[BlackElo "2170"]
[PlyCount "111"]
[EventDate "2008.??.??"]

1. c4 Nf6 2. Nf3 c5 3. Nc3 Nc6 4. e3 g6 5. d4 cxd4 6. exd4 d5 7. cxd5 Nxd5 8.
Qb3 Nxc3 9. Bc4 Nd5 10. Bxd5 e6 11. Bxc6+ bxc6 12. O-O Qd5 13. Qc3 Bg7 14. Bf4
O-O 15. Rfc1 Rd8 16. Qe1 Qf5 17. Qe3 Bb7 18. h3 c5 19. Rxc5 Bxd4 20. Qxd4 Rxd4
21. Rxf5 Bxf3 22. Be3 gxf5 23. Bxd4 Bd5 24. a3 a5 25. Rc1 a4 26. Rc3 Kf8 27.
Bf6 f4 28. f3 Rb8 29. Rc2 h5 30. Be5 Rd8 31. Rc5 Kg8 32. Bxf4 Kg7 33. Kf2 Kg6
34. Be5 Kf5 35. Bc3 Rg8 36. Rb5 Rd8 37. Ke3 Kg6 38. Rb4 Bb3 39. Rf4 f5 40. Rb4
Rg8 41. Kf4 Kh6 42. g3 Rd8 43. Ke3 Kg6 44. Rb7 Kh6 45. Rf7 Rg8 46. Rf6+ Kh7 47.
Kf4 Bd5 48. Be5 Bb3 49. g4 hxg4 50. fxg4 fxg4 51. hxg4 Rc8 52. Kg5 Rc4 53. Rh6+
Kg8 54. Kf6 Re4 55. g5 Re1 56. g6 1-0

[Event "Lichtenrader Herbst"]
[Site "?"]
[Date "2008.10.26"]
[Round "9.2"]
[White "Glantz, Robert"]
[Black "Meister, Jakob"]
[Result "0-1"]
[WhiteElo "2197"]
[BlackElo "2481"]
[PlyCount "54"]
[EventDate "2008.??.??"]

1. e4 e5 2. Nf3 Nc6 3. Bb5 a6 4. Ba4 d6 5. Bxc6+ bxc6 6. d4 f6 7. Nc3 Ne7 8.
Be3 Rb8 9. Rb1 Ng6 10. Qd3 Qd7 11. O-O Be7 12. Qc4 exd4 13. Nxd4 Ne5 14. Qe2
O-O 15. f4 Nf7 16. Qc4 c5 17. Nf5 Bd8 18. Rfd1 Qe8 19. Bf2 Rb4 20. Qd3 Bxf5 21.
exf5 Rxf4 22. Bg3 Rg4 23. Qxa6 Qe3+ 24. Kh1 Qg5 25. Qd3 h5 26. Rd2 Rd4 27. Qf3
Qxd2 0-1

[Event "Lichtenrader Herbst"]
[Site "?"]
[Date "2008.10.26"]
[Round "9.3"]
[White "Kiesekamp, Marcos"]
[Black "Maahs, Erich"]
[Result "0-1"]
[WhiteElo "2338"]
[BlackElo "2151"]
[PlyCount "60"]
[EventDate "2008.??.??"]

1. d4 d5 2. Bg5 c6 3. e3 Qb6 4. b3 Bf5 5. Bd3 Bxd3 6. Qxd3 e6 7. Nf3 Nd7 8. O-O
h6 9. Bf4 Ngf6 10. c4 Qa6 11. h3 Be7 12. Nbd2 O-O 13. Rac1 Rac8 14. Qb1 c5 15.
dxc5 Nxc5 16. b4 Nce4 17. c5 Nxd2 18. Nxd2 Qb5 19. Be5 b6 20. cxb6 axb6 21. Bc3
Rfd8 22. Qa1 Ra8 23. Rc2 Ne8 24. e4 dxe4 25. Re1 f5 26. Qb2 Rd3 27. Nb3 Rc8 28.
Nc1 Rdxc3 29. Rxc3 Bf6 30. Rxc8 Bxb2 0-1

[Event "Lichtenrader Herbst"]
[Site "?"]
[Date "2008.10.26"]
[Round "9.4"]
[White "Rudolf, Henrik"]
[Black "Davydov, Ruven"]
[Result "1-0"]
[WhiteElo "2368"]
[BlackElo "1865"]
[PlyCount "79"]
[EventDate "2008.??.??"]

1. e4 e5 2. Nf3 Nc6 3. Bb5 a6 4. Ba4 Nf6 5. O-O Be7 6. Re1 b5 7. Bb3 d6 8. c3
O-O 9. h3 Na5 10. Bc2 c5 11. d4 Qc7 12. Nbd2 cxd4 13. cxd4 Nc6 14. a3 exd4 15.
Nb3 d3 16. Bxd3 Ne5 17. Nxe5 dxe5 18. Bd2 Be6 19. Rc1 Qd7 20. Bc2 Rac8 21. Re3
Rfd8 22. Bc3 Qa7 23. Qf3 Nd7 24. Rce1 f6 25. Ba5 Re8 26. Nd2 Bc5 27. Bb3 Nf8
28. Qf5 Kh8 29. Bxe6 Nxe6 30. b4 Nd4 31. Qg4 f5 32. exf5 Nc2 33. bxc5 Nxe1 34.
Rxe1 Qxc5 35. Qf3 Qd4 36. Ne4 Qa4 37. Bb4 a5 38. Bd6 b4 39. axb4 axb4 40. f6
1-0

[Event "Lichtenrader Herbst"]
[Site "?"]
[Date "2008.10.26"]
[Round "9.5"]
[White "Meißner, Hans-Jürgen"]
[Black "Reichenbach, Werner"]
[Result "0-1"]
[WhiteElo "2216"]
[BlackElo "2285"]
[PlyCount "78"]
[EventDate "2008.??.??"]

1. e4 e6 2. d3 d5 3. Nd2 Nf6 4. Ngf3 c5 5. g3 Nc6 6. Bg2 Be7 7. O-O O-O 8. Re1
Re8 9. e5 Nd7 10. Nf1 b5 11. h4 a5 12. Bf4 b4 13. Ne3 Bf8 14. h5 h6 15. Qd2 Ra7
16. Rad1 Nb6 17. Qc1 d4 18. Nc4 Nd5 19. Re4 a4 20. Bd2 a3 21. b3 Nc3 22. Bxc3
bxc3 23. Rde1 Nb4 24. Qb1 Bb7 25. Rg4 Be7 26. Nh2 Nd5 27. Be4 Ba6 28. Nxa3 Nb4
29. Nc4 Bxc4 30. dxc4 Rxa2 31. Rd1 Qb8 32. Nf3 Qa7 33. Qc1 Kh8 34. Qf4 Rf8 35.
Ne1 Ra1 36. Rxa1 Qxa1 37. Kf1 Qd1 38. Bf3 Qb1 39. Be4 d3 0-1

[Event "Lichtenrader Herbst"]
[Site "?"]
[Date "2008.10.26"]
[Round "9.9"]
[White "Hahlbohm, Matthias"]
[Black "Jaeschke, Jens-Uwe"]
[Result "1/2-1/2"]
[WhiteElo "2107"]
[BlackElo "2185"]
[PlyCount "45"]
[EventDate "2008.??.??"]

1. e4 d5 2. e5 c5 3. c3 Nc6 4. d4 Bf5 5. Nf3 e6 6. Bd3 Bxd3 7. Qxd3 Qb6 8. O-O
h5 9. b3 cxd4 10. cxd4 Nh6 11. Nc3 Nf5 12. Nxd5 Qd8 13. Nc3 Nfxd4 14. Rd1 Nxf3+
15. Qxf3 Qa5 16. Bf4 Be7 17. Ne4 Nxe5 18. Qg3 Ng6 19. Nd6+ Kf8 20. Qf3 Nxf4 21.
Qxf4 Bxd6 22. Qxd6+ Kg8 23. Qd7 1/2-1/2

[Event "Lichtenrader Herbst"]
[Site "?"]
[Date "2008.10.26"]
[Round "9.10"]
[White "Hämmerlein, Thomas"]
[Black "Poseck, Steffen"]
[Result "1/2-1/2"]
[WhiteElo "2179"]
[BlackElo "2092"]
[PlyCount "83"]
[EventDate "2008.??.??"]

1. g3 Nf6 2. f4 c5 3. Nf3 Nc6 4. Bg2 g6 5. d3 d6 6. O-O Bg7 7. c3 O-O 8. Qe1
Rb8 9. e4 b5 10. Nbd2 Ba6 11. Ng5 Qc7 12. Ndf3 h6 13. Nh3 Ng4 14. Nf2 Nxf2 15.
Rxf2 b4 16. c4 Nd4 17. Be3 Bc8 18. Bxd4 Bxd4 19. Nxd4 cxd4 20. f5 g5 21. f6 e5
22. Qe2 g4 23. h3 gxh3 24. Qh5 Kh7 25. Bxh3 Bxh3 26. Rh2 Rg8 27. Rxh3 Rg6 28.
Rf1 Rbg8 29. Kg2 Qc8 30. Rf5 Qd8 31. Qf3 Rg5 32. Rh1 R8g6 33. Rxg5 Rxg5 34. b3
Qc8 35. Rf1 Rg6 36. Rf2 Qe6 37. Kh2 Qc8 38. Kg2 Qe6 39. Kh2 Qc8 40. Rg2 Qe6 41.
Rf2 Kg8 42. Kg2 1/2-1/2

[Event "Lichtenrader Herbst"]
[Site "?"]
[Date "2008.10.26"]
[Round "9.12"]
[White "Svane, Rasmus"]
[Black "Mahn, Franko"]
[Result "1/2-1/2"]
[WhiteElo "1967"]
[BlackElo "2167"]
[PlyCount "34"]
[EventDate "2008.??.??"]

1. e4 Nf6 2. e5 Nd5 3. d4 d6 4. Nf3 Bg4 5. Be2 c6 6. Ng5 Bf5 7. Bd3 Bxd3 8.
Qxd3 h6 9. Ne4 dxe5 10. dxe5 e6 11. O-O Nd7 12. Qg3 Qa5 13. Nbd2 N5b6 14. Nf3
O-O-O 15. b3 Nc5 16. Nxc5 Qxc5 17. c4 g5 1/2-1/2

[Event "Lichtenrader Herbst"]
[Site "?"]
[Date "2008.10.26"]
[Round "9.13"]
[White "Rivera Boris, Miguel"]
[Black "Kaphle, Sebastian"]
[Result "0-1"]
[WhiteElo "1948"]
[BlackElo "2109"]
[PlyCount "116"]
[EventDate "2008.??.??"]

1. e4 e5 2. Nf3 Nc6 3. Bc4 Nf6 4. Nc3 Nxe4 5. Nxe4 d5 6. Bd3 dxe4 7. Bxe4 Bd6
8. Bxc6+ bxc6 9. O-O O-O 10. d4 exd4 11. Qxd4 Re8 12. Bg5 Qd7 13. Rfe1 c5 14.
Rxe8+ Qxe8 15. Qc3 Bb7 16. Re1 Qd7 17. Bh4 Re8 18. Rxe8+ Qxe8 19. Bg3 Qe2 20.
h3 h6 21. Ne5 Qd1+ 22. Kh2 Qd5 23. Nf3 Qxa2 24. Nd2 Qd5 25. f3 Qg5 26. Bxd6
cxd6 27. Nc4 Qf4+ 28. Kg1 Bd5 29. Ne3 Be6 30. Kf2 Qh4+ 31. Kf1 Qd8 32. Nc4 Qb8
33. b3 Qb5 34. Kf2 d5 35. Ne5 a5 36. Nd3 c4 37. bxc4 dxc4 38. Nb2 f6 39. Ke1
Qc5 40. Kf1 Kf7 41. g4 Bd5 42. h4 Qc7 43. h5 Qf4 44. Ke2 g6 45. hxg6+ Kg7 46.
Nd1 a4 47. Nb2 Qh2+ 48. Ke3 a3 49. Qxa3 Qxc2 50. Qe7+ Kxg6 51. Qe8+ Kg7 52.
Qd7+ Bf7 53. Qd4 c3 54. Na4 Qc1+ 55. Ke2 Bc4+ 56. Qxc4 Qd2+ 57. Kf1 c2 58. Qc7+
Kg6 0-1

[Event "Lichtenrader Herbst"]
[Site "?"]
[Date "2008.10.26"]
[Round "9.15"]
[White "Sawlin, Michail"]
[Black "Lang, Martin"]
[Result "1-0"]
[WhiteElo "2227"]
[BlackElo "1994"]
[PlyCount "45"]
[EventDate "2008.??.??"]

1. e4 e5 2. Nf3 Nc6 3. d4 exd4 4. Nxd4 Bc5 5. Nb3 Bb6 6. a4 a6 7. Nc3 Qf6 8.
Qe2 Nge7 9. Nd5 Nxd5 10. exd5+ Ne7 11. h4 d6 12. a5 Ba7 13. Ra4 Bf5 14. g4 Bg6
15. h5 O-O 16. hxg6 Nxg6 17. g5 Qf5 18. Bg2 Qd7 19. Re4 f5 20. gxf6 Rxf6 21.
Bh3 Qb5 22. Be6+ Kh8 23. Rxh7+ 1-0

[Event "Lichtenrader Herbst"]
[Site "?"]
[Date "2008.10.26"]
[Round "9.17"]
[White "Zschäbitz, Klaus"]
[Black "Völz, Stephan"]
[Result "1-0"]
[WhiteElo "2114"]
[BlackElo "2010"]
[PlyCount "93"]
[EventDate "2008.??.??"]

1. d4 Nf6 2. Nf3 d5 3. c4 e6 4. e3 c6 5. Bd3 Bd6 6. Nc3 Nbd7 7. O-O O-O 8. e4
dxe4 9. Nxe4 Nxe4 10. Bxe4 e5 11. c5 Bc7 12. Qc2 h6 13. Rd1 Qe7 14. Re1 Re8 15.
Bf4 Qf6 16. Bg3 Bb8 17. Rad1 exd4 18. Bh7+ Kf8 19. Rxe8+ Kxe8 20. Qe4+ Kf8 21.
Re1 Qd8 22. Bh4 Nf6 23. Bxf6 gxf6 24. Nxd4 Be5 25. Nf3 Kg7 26. b3 Qd5 27. Qc2
Bg4 28. Be4 Qe6 29. Nh4 f5 30. Bxf5 Bxf5 31. Nxf5+ Kf8 32. g3 Re8 33. Nd6 Re7
34. Qh7 Qf6 35. Nf5 Re6 36. Rd1 Bc7 37. b4 Re5 38. Nxh6 Qg6 39. Qxg6 fxg6 40.
Rd7 Re1+ 41. Kg2 Re7 42. Rd3 Be5 43. Ra3 a6 44. Rd3 Ke8 45. h4 Bg7 46. Ng4 Kf7
47. Kf3 1-0

[Event "Lichtenrader Herbst"]
[Site "?"]
[Date "2008.10.26"]
[Round "9.20"]
[White "Witte, Ronald"]
[Black "Kiesewetter, Peter"]
[Result "1-0"]
[WhiteElo "2057"]
[BlackElo "1886"]
[PlyCount "81"]
[EventDate "2008.??.??"]

1. d4 Nf6 2. c4 c5 3. d5 b5 4. Nf3 bxc4 5. Nc3 d6 6. e4 Nbd7 7. Bxc4 g6 8. h3
Bg7 9. O-O O-O 10. Re1 Ne8 11. Bg5 h6 12. Bf4 Rb8 13. Qd2 Kh7 14. Rad1 Nb6 15.
Bf1 Bd7 16. e5 Na4 17. Nxa4 Bxa4 18. b3 Bb5 19. Bxb5 Rxb5 20. h4 a5 21. h5 Qb8
22. e6 g5 23. exf7 Rxf7 24. Qd3+ Kg8 25. Bxg5 hxg5 26. Nxg5 Nf6 27. Nxf7 Kxf7
28. Qg6+ Kf8 29. Rxe7 Kxe7 30. Qxg7+ Kd8 31. Qxf6+ Kc7 32. Re1 a4 33. Re7+ Kb6
34. Rd7 axb3 35. Qxd6+ Qxd6 36. Rxd6+ Kb7 37. axb3 Rxb3 38. Rc6 Rb5 39. h6 c4
40. Rxc4 Rxd5 41. Rh4 1-0